Library of the University of Algiers 3
Ibrahim Sultan Cheibout
شعار جامعة الجزائر 3
مكتبة جامعة الجزائر 3
إبراهيم سلطان شيبوط

جريمة غسيل الأموال : (رقم التسجيلة. 45323)

تفاصيل مارك
000 -LEADER
fixed length control field 00879nam a2200217Ia 4500
003 - CONTROL NUMBER IDENTIFIER
control field Ost
005 - DATE AND TIME OF LATEST TRANSACTION
control field 20260507075637.0
008 - FIXED-LENGTH DATA ELEMENTS--GENERAL INFORMATION
fixed length control field 260507s9999||||xx |||||||||||||| ||und||
020 ## - INTERNATIONAL STANDARD BOOK NUMBER
International Standard Book Number 9957112821
040 ## - CATALOGING SOURCE
Transcribing agency fsecg
041 ## - LANGUAGE CODE
Language code of text/sound track or separate title ara
082 ## - DEWEY DECIMAL CLASSIFICATION NUMBER
Classification number 364.168
100 ## - MAIN ENTRY--PERSONAL NAME
Personal name الفاعوري، أروى فايز
Relator term مؤلف
245 #0 - TITLE STATEMENT
Title جريمة غسيل الأموال :
Remainder of title المدلول العام والطبيعة القانونية /
Statement of responsibility, etc. أروى فايز الفاعوري
260 ## - PUBLICATION, DISTRIBUTION, ETC.
Place of publication, distribution, etc. عمان:
Name of publisher, distributor, etc. دار وائل للنشر,
Date of publication, distribution, etc. 2002
300 ## - PHYSICAL DESCRIPTION
Extent 267 صفحة؛
Other physical details إيضاحات ؛
Dimensions 24 سم
520 ## - SUMMARY, ETC.
Summary, etc. المدلول العام لجريمة غسيل الأموال- الطبيعة القانونية لجريمة غسيل الأموال
653 ## - INDEX TERM--UNCONTROLLED
Uncontrolled term جرائم الأموال
700 ## - ADDED ENTRY--PERSONAL NAME
Personal name قطيشات، ايناس محمد
Relator term مؤلف ثانوي
942 ## - ADDED ENTRY ELEMENTS (KOHA)
Koha item type كتب
المقتنيات
Withdrawn status Lost status Source of classification or shelving scheme Damaged status Not for loan Home library Current library Date acquired Serial enumeration / chronology Inventory number Total checkouts Full call number Barcode Date last seen Price effective from Koha item type
    Dewey Decimal Classification   NOT LOAN / إعارة داخلية مكتبة كلية العلوم الإقتصادية والعلوم التجارية وعلوم التسيير مكتبة كلية العلوم الإقتصادية والعلوم التجارية وعلوم التسيير 07/05/2026 الطابق الأرضي 591/1   أ/591ن1 591/1 07/05/2026 07/05/2026 كتب

موارد الويب المفتوحة


© University of Algiers 3 All Rights Reserved
|
Implemented by LECHELAH Riad